| 000 | 01234nam a2200157 4500 | ||
|---|---|---|---|
| 008 | 720.71 R345r | ||
| 020 | _a9789930541516 | ||
| 082 |
_a720.71 _bR345r |
||
| 100 |
_aTEOR/éTica _96029 |
||
| 245 | _a(re) HABITAR | ||
| 260 |
_aCartago _bInstituto Tecnológico de Costa Rica _c2019 |
||
| 300 |
_a200 p. _bil. _c25,5 x 20 cm |
||
| 505 |
_tIntroducción. El edificio, la vida doméstica (Registro visual desarrollado a lo largo de toda la publicación) _rMarco Gamboa _tI. Interior doméstico _rTaller Habitar _tII. Arquitectura de la ciudad _tContra la homogeneización: Barrios Amón y Otoya como zona de significación cultural _tIII. Cohabitar _tNarrativa Proceso _r¡UPE!, TEOR/éTica _tDe lo que nos cuesta hablar _r¡UPE!, TEOR/éTica _t¿Cómo se convive con el comercio sexual en Barrio Amón? Parte 2 _rConversación con Natalia Porras _t¿Cómo ser parte de la ciudad, si nunca hemos sido parte de ella? _rLuis Herra _tCiudades Hospitalarias _rLuis Durán _tIV. Espacio _tLa felicidad es social _rCarolina Hernández _tCréditos y Agradecimientos |
||
| 650 |
_xarquitectura _xespacio común _xBarrio _xcohabitación _xAmón, Bariio _xOtoya, Barrio _xcomercio sexual _xarquitectura - sociedad _97297 |
||
| 700 |
_aSemillas: Arquitectura en comunidad _97298 |
||
| 999 |
_c1896 _d1896 |
||